00706 a2200181 4500003000400000005001700004008004100021020001500062040000900077082001800086100003500104245012400139260003900263300000900302942004200311952015400353999001700507OSt20231123134035.0231123b |||||||| |||| 00| 0 eng d a8187134194 coclc a615.19bMUK/T aMukhopadhyay, Raghupati 94221 aTextbook of Pharmaceutical Chemistry and medicinal chemistry /cRaghupati Mukhopadhyay, Sriparna Datta, Rajib Kumar Das aKolkata:bBooks and Allied,c2013. a348p 2ddccBKh615.19iMUK/Tk615.19mMUK/T 00102ddc40708Pharmacology & therapeutics aMESbMEScCHEd2023-11-23l0o615.19 MUK/Tp43734r2023-11-23 13:41:29v255.00w2023-11-23yBKzGL29R4 c41882d41882